<?xml version="1.0" encoding="UTF-8"?><?xml-stylesheet type="text/xsl" href="static/style.xsl"?><OAI-PMH xmlns="http://www.openarchives.org/OAI/2.0/" xmlns:xsi="http://www.w3.org/2001/XMLSchema-instance" xsi:schemaLocation="http://www.openarchives.org/OAI/2.0/ http://www.openarchives.org/OAI/2.0/OAI-PMH.xsd"><responseDate>2026-04-17T03:44:01Z</responseDate><request verb="GetRecord" identifier="oai:www.recercat.cat:2072/471324" metadataPrefix="marc">https://recercat.cat/oai/request</request><GetRecord><record><header><identifier>oai:recercat.cat:2072/471324</identifier><datestamp>2024-11-04T06:40:35Z</datestamp><setSpec>com_2072_98</setSpec><setSpec>col_2072_378192</setSpec></header><metadata><record xmlns="http://www.loc.gov/MARC21/slim" xmlns:dcterms="http://purl.org/dc/terms/" xmlns:xsi="http://www.w3.org/2001/XMLSchema-instance" xmlns:doc="http://www.lyncode.com/xoai" xsi:schemaLocation="http://www.loc.gov/MARC21/slim http://www.loc.gov/standards/marcxml/schema/MARC21slim.xsd">
   <leader>00925njm 22002777a 4500</leader>
   <datafield ind2=" " ind1=" " tag="042">
      <subfield code="a">dc</subfield>
   </datafield>
   <datafield ind2=" " ind1=" " tag="720">
      <subfield code="a">Basurte-Villamor, Ignacio</subfield>
      <subfield code="e">author</subfield>
   </datafield>
   <datafield ind2=" " ind1=" " tag="720">
      <subfield code="a">Vega, Pablo</subfield>
      <subfield code="e">author</subfield>
   </datafield>
   <datafield ind2=" " ind1=" " tag="720">
      <subfield code="a">Roncero, Carlos</subfield>
      <subfield code="e">author</subfield>
   </datafield>
   <datafield ind2=" " ind1=" " tag="720">
      <subfield code="a">Martínez-Raga, José</subfield>
      <subfield code="e">author</subfield>
   </datafield>
   <datafield ind2=" " ind1=" " tag="720">
      <subfield code="a">Grau-López, Lara</subfield>
      <subfield code="e">author</subfield>
   </datafield>
   <datafield ind2=" " ind1=" " tag="720">
      <subfield code="a">Aguilar, Lourdes</subfield>
      <subfield code="e">author</subfield>
   </datafield>
   <datafield ind2=" " ind1=" " tag="720">
      <subfield code="a">Torrens, Marta</subfield>
      <subfield code="e">author</subfield>
   </datafield>
   <datafield ind2=" " ind1=" " tag="720">
      <subfield code="a">Szerman, Nestor</subfield>
      <subfield code="e">author</subfield>
   </datafield>
   <datafield ind2=" " ind1=" " tag="720">
      <subfield code="a">Universitat Autònoma de Barcelona</subfield>
      <subfield code="e">author</subfield>
   </datafield>
   <datafield ind2=" " ind1=" " tag="260">
      <subfield code="c">2022</subfield>
   </datafield>
   <datafield ind2=" " ind1=" " tag="520">
      <subfield code="a">Limited studies have evaluated the effectiveness of vortioxetine in real-world settings, and none of them has involved patients with dual depression (major depressive disorder [MDD] and substance use disorder [SUD]). The objective of the study was to describe the effectiveness of vortioxetine in clinical practice and determine its effect on affective symptoms, cognitive function, quality of life, and substance use in patients with MDD and SUD. Post-authorization, retrospective, multicenter, descriptive, and observational study in 80 patients with MDD and SUD receiving a maintenance treatment with vortioxetine for six months between January 2017 and April 2021. Compared with baseline, scores significantly decreased after 3 and 6 months of treatment in the Montgomery-Åsberg Depression Rating Scale total (from 28.9 to 17.7 and 12.0), and global functional impairment of the Sheehan Disability Inventory (from 26.3 to 19.1 and 16.7). The number of correct answers in the symbol digit modalities test significantly improved during vortioxetine treatment (from 40.4 to 43.8 and 48.4). Regarding the clinical global impression scale, the score for disease severity significantly decreased from 3.8 to 3.0 and 2.4. Compared with baseline, there was a significant reduction in consumption of practically all substances, especially of alcohol, cannabis, and cocaine. Vortioxetine was effective in clinical practice for alleviating depressive symptoms and functional impairment, and in improving cognitive and executive functions and disease severity in patients with MDD and SUD. Moreover, the treatment with vortioxetine favored a reduction in substance use and the severity of the SUDs.</subfield>
   </datafield>
   <datafield ind1="8" ind2=" " tag="024">
      <subfield code="a">http://hdl.handle.net/2072/471324</subfield>
   </datafield>
   <datafield tag="653" ind2=" " ind1=" ">
      <subfield code="a">Dual disorder</subfield>
   </datafield>
   <datafield tag="653" ind2=" " ind1=" ">
      <subfield code="a">Major depressive disorder</subfield>
   </datafield>
   <datafield tag="653" ind2=" " ind1=" ">
      <subfield code="a">Major dual depressive disorder</subfield>
   </datafield>
   <datafield tag="653" ind2=" " ind1=" ">
      <subfield code="a">Real-world evidence</subfield>
   </datafield>
   <datafield tag="653" ind2=" " ind1=" ">
      <subfield code="a">Substance use disorder</subfield>
   </datafield>
   <datafield tag="653" ind2=" " ind1=" ">
      <subfield code="a">Vortioxetine</subfield>
   </datafield>
   <datafield ind2="0" ind1="0" tag="245">
      <subfield code="a">A Feasibility Study of Patients with Major Depression and Substance Use Disorders : Vortioxetine as Maintenance Treatment</subfield>
   </datafield>
</record></metadata></record></GetRecord></OAI-PMH>